| 000 | 00852nam a22001817a 4500 | ||
|---|---|---|---|
| 003 | UA-OsUOA | ||
| 001 | 18393 | ||
| 007 | ta | ||
| 008 | 20040507b un ||||| |||| 00| 0 ukr d | ||
| 100 | _aЛозін А. | ||
| 942 | _cSA | ||
| 040 |
_aUA-OsUOA _cUA-OsUOA _dUA-OsUOA |
||
| 245 |
_aЗ вірою у власні сили _b[Про роботу фірми "Продекологія", її перспективи розповідає дир. А.Лозовий .Фірма - лідер у країнах СНД і Східної Європи в галузі проектування , виготовлення та постачання магнітних сепараторів і мета |
||
| 300 | _aС.3 | ||
| 955 | _a0 | ||
| 773 | 0 |
_w0 _tСім днів _dРівне _d2004 _g№18/30 квіт./ |
|
| 650 | 7 |
_aКраєзнавча робота _2UDC |
|
| 999 |
_c304564 _d304564 |
||